| 000 | 00755nam a2200229 i 4500 | ||
|---|---|---|---|
| 001 | bg | ||
| 100 | 1 | _aŚWIETLIK, Włodzimierz | |
| 245 | 1 | 0 |
_aOrganizacja przedsiębiorstwa / _cWłodzimierz Świetlik. |
| 260 |
_aWarszawa : _bWyższa Szkoła Ekonomiczna, _c2004. |
||
| 300 |
_a418 s., [1] k. tabl. złoż. : _bil., fot., portr., rys., tab., wykr. ; _c24 cm. |
||
| 504 | _aBibliogr. s. 410-414. | ||
| 650 | 9 |
_aPrzedsiębiorstwo _xorganizacja |
|
| 655 | _aPodręczniki akademickie | ||
| 020 | _a8386990317 | ||
| 040 | _cBPK | ||
| 041 | 0 | _apol | |
| 080 | _a658.1/.5.01(075.8) | ||
| 920 | _a83-86990-31-7 | ||
| 942 | _cKS | ||
| 008 | s pl f |000 0 pol | ||
| 999 |
_c44191 _d44191 |
||
| 856 |
_uhttp://koha.tu.koszalin.pl/cgi-bin/koha/opac-detail.pl?biblionumber=44191 _yKatalog online BPK |
||